000 00653nas a2200229 4500
001 BR9103136
003 BR-BrBNA
005 20231205092047.0
007 ta
008 230509b bl.|||p| |||| 00| 00por d
040 _aBR-BrBNA
_bpor
_cBiblioteca Nacional de Agricultura
041 _a(Pt)
072 _aL74
100 1 _aAllenstein, L.C.
245 1 _aExcesso de energia causa obesidade em vacas
650 _aVACA
650 _aOBESIDADE
650 _aDISTURBIO METABOLICO
773 0 _tGado Holandes (Brazil)
_xISSN 0101-7977
_g(Feb 1990), v. 56(171) p. 37-38
_wBR9103136
909 _a202311
_bLúcia
_c55
_dLúcia Elande
942 _2AGRIS
_n0
_cANA
999 _c129029
_d129029